000
00256nam a2200097 a 4500
005
20200930055308.0
008
110413s1903 000 spa d
245
0
_a
Protocolo sobre ceremonial diplomatico.
260
_a
Santo Domingo,
_c
1903.
999
_c
28534
_d
28534
040
_a
DO-SdBNP